Loading...
| Current Events | 1 | 20.00 | 100% | 100% | 0% |
| Fine Arts - Classical Music | 5 | 18.00 | 100% | 60% | 20% |
| Fine Arts - Other | 3 | 16.67 | 67% | 67% | 33% |
| Fine Arts - Painting and Sculpture | 7 | 10.00 | 86% | 14% | 0% |
| Geography | 2 | 20.00 | 100% | 100% | 0% |
| History - American | 4 | 12.50 | 75% | 50% | 0% |
| History - European | 8 | 15.00 | 100% | 38% | 13% |
| History - Other | 3 | 10.00 | 67% | 33% | 0% |
| History - World | 3 | 6.67 | 67% | 0% | 0% |
| Literature - American | 7 | 10.00 | 71% | 0% | 29% |
| Literature - British | 3 | 6.67 | 67% | 0% | 0% |
| Literature - European | 1 | 10.00 | 100% | 0% | 0% |
| Literature - World | 4 | 10.00 | 100% | 0% | 0% |
| Mythology | 4 | 5.00 | 50% | 0% | 0% |
| Philosophy | 3 | 6.67 | 67% | 0% | 0% |
| Religion | 1 | 20.00 | 100% | 0% | 100% |
| Science - Biology | 5 | 6.00 | 40% | 20% | 0% |
| Science - Chemistry | 5 | 6.00 | 60% | 0% | 0% |
| Science - Other | 3 | 0.00 | 0% | 0% | 0% |
| Science - Physics | 7 | 4.29 | 43% | 0% | 0% |
| Social Science | 6 | 6.67 | 50% | 17% | 0% |